000 01388cam a2200337 i 4500
001 17559634
003 OSt
005 20180117090000.0
008 120925s2012 ii ab bs 000 0 eng
010 _a 2012339753
020 _a9788171889693
020 _a8171889697
025 _aI-E-2012-339753; 79-01; 69-01
035 _a(IN-NdUBS) 2012339753
037 _bLibrary of Congress -- New Delhi Overseas Office
040 _aDLC
_beng
_cDLC
_erda
_dDLC
042 _alcode
_apcc
043 _ap------
050 0 0 _aHG1480.7
_b.E26 2012
245 0 0 _aEconomic and social survey of Asia and the pacific, 2012 :
_bpursuing shared prosperity : in an era of turbulence & high commodity prices.
246 3 0 _aPursuing shared prosperity : in an era of turbulence & high commodity prices
300 _axxx, 202 pages :
_billustrations, maps ;
_c27 cm
650 0 _aMonetary policy
_zPacific Area.
650 0 _aFiscal policy
_zPacific Area.
710 2 _aUnited Nations.
_bEconomic and Social Commission for Asia and the Pacific.
856 4 1 _3Table of contents only
_uhttp://www.loc.gov/catdir/toc/fy14pdf04/2012339753.html
906 _a7
_bcbc
_corigode
_d3
_encip
_f20
_gy-gencatlg
942 _2ddc
_cBK
999 _c3163
_d3163